Antworten mit gleichem Anfangs- und Endbuchstaben: C – D - Statistiken

Allgemein
  • Dieses Quiz wurde 248 mal gespielt
  • Das Durchschnittsergebnis liegt bei 16 aus 30
Antwortstatistiken
Hinweis Antwort % Korrekt
englisch, umgangssprachlich: Papa Dad
93%
Bildergeschichte mit Sprechblasen Comic
91%
Vorname von Duck, Trump, Tusk und Sutherland Donald
91%
ständig dauernd
78%
europäischer Staat Deutschland
76%
zwölf Dutzend
75%
stilvoll, elegant (aus dem Französischen entlehnt) chic
71%
vorsätzliche Tötung zweier Personen Doppelmord
71%
nicht aufschiebbar dringend
69%
optisches Speichermedium, Vorläufer der Blue-ray Disc DVD
69%
häufige Haarfarbe in Europa dunkelblond
65%
Erste-Hilfe-Maßnahme bei einer stark blutenden Wunde Druckverband
62%
Weinbrand Cognac
58%
König im Alten Testament David
57%
Kinderfahrzeug Dreirad
52%
französischer Staatspräsident von 1995 bis 2007: Jacques ... Chirac
50%
290 als römische Zahl CCXC
49%
dafür steht die Abkürzung CD (2 Wörter) Compact Disc
49%
US-amerikanische Automarke (8 Buchstaben) Cadillac
48%
Sauna mit relativ niedriger Temperatur und hoher Luftfeuchtigkeit Dampfbad
45%
Person, die eine Promotion anstrebt Doktorand
44%
US-amerikanischer Sänger (* 1941 in New York; "Sweet Caroline"): Neil ... Diamond
39%
üblicher Namenszusatz bei Mineralwasser mit viel Kohlensäure Classic
36%
englisch: abhängen (von jemandem oder etwas) depend
33%
elektronisches Vefahren zur Steuerung von Werkzeugmaschinen (Abkürzung) CNC
28%
US-amerikanische Musikrichtung; bekannte Vertreter: Willie Nelson, Hank Williams, Johnny Cash, Dolly Parton, John Denver Countrymusic
26%
besser bekannt als Dackel Dachshund
25%
z. B. General, Leutnant, Feldwebel; Oberbrandmeister Dienstgrad
24%
Stadt und Regierungsbezirk in Nordrhein-Westfalen Detmold
23%
kroatischer Tennisspieler (Sieger der US Open 2014): Marin ... Čilić
14%
Keine übereinstimmenden Quizze gefunden
Verteilung der Resultate
Anzahl Personen mit jedem Resultat
Perzentil nach korrekt beantworteten Fragen
Ihre Resultats-Entwicklung
Sie haben dieses Quiz noch nicht gespielt